Powiaty w Polsce na literę K - Statystyki

Ogólne statystyki
  • Ten quiz został rozwiązany 76 razy
  • Średni wynik to 25 z 36
Statystyki odpowiedzi
Odpowiedź % Poprawnych
Kraków
93%
Katowice
91%
krakowski
91%
kartuski
85%
kętrzyński
83%
Kielce
81%
Konin
81%
kielecki
80%
Koszalin
78%
kamieński
76%
kolski
76%
koniński
76%
kościerski
76%
koszaliński
76%
krośnieński
76%
krośnieński
76%
kłobucki
72%
kłodzki
72%
kołobrzeski
70%
kutnowski
70%
kraśnicki
69%
kwidzyński
67%
kolbuszowski
65%
kolneński
65%
Krosno
65%
kościański
63%
kamiennogórski
61%
kępiński
61%
konecki
61%
krapkowicki
59%
kozienicki
57%
kędzierzyńsko kozielski
54%
krasnostawski
54%
kazimierski
50%
kluczborski
50%
karkonoski
28%
Nie znaleziono quizów pasujących do podanych kryteriów
Rozkład punktacji
Procent ludzi z każdym wynikiem
Percentyl według liczby udzielonych odpowiedzi
Twoja historia wyników
Nie rozwiązałeś tego quizu